[Event "Junior Online 4NCL Division 5"]
[Site "online"]
[Date "2020.04.30"]
[Round "3.42"]
[White "Tran, Joseph"]
[Black "Ahmad, Amelia"]
[Result "0-1"]
[WhiteElo "737"]
[BlackElo "775"]
[PlyCount "74"]
[EventDate "2020.04.30"]
[WhiteTeam "Surbiton Juniors C"]
[BlackTeam "Blue Foxes 3"]

1. e4 e5 2. Nc3 d6 3. Nf3 Nc6 4. d3 Nf6 5. Be3 Be6 6. d4 Be7 7. Bd3 exd4 8.
Nxd4 Nxd4 9. Bxd4 c5 10. Bxf6 Bxf6 11. Bb5+ Bd7 12. Bxd7+ Qxd7 13. Nd5 Qb5 14.
Ne3 Qxb2 15. Nc4 Qb4+ 16. Nd2 Bxa1 17. Qxa1 O-O 18. c3 Qa3 19. Nc4 Qa6 20. Kf1
Qxc4+ 21. Ke1 Qxe4+ 22. Kd1 Rfe8 23. c4 Qxc4 24. Re1 Qa4+ 25. Kd2 Rxe1 26. Kxe1
Qd4 27. Qc1 Re8+ 28. Kf1 Re5 29. Qa3 Rf5 30. Ke1 Qxf2+ 31. Kd1 Qf1+ 32. Kc2
Qxg2+ 33. Kb3 Rf4 34. Qa5 Qh3+ 35. Kb2 Rf2+ 36. Kb1 Qf1+ 37. Qe1 Qxe1# 0-1

[Event "Junior Online 4NCL Division 5"]
[Site "online"]
[Date "2020.04.30"]
[Round "3.46"]
[White "Evans, Macsen"]
[Black "Sreenivas, Rohit"]
[Result "0-1"]
[WhiteElo "691"]
[BlackElo "850"]
[PlyCount "54"]
[EventDate "2020.04.30"]
[WhiteTeam "TSK Tigers C"]
[BlackTeam "Leicestershire Juniors 6"]

1. e4 e5 2. Nf3 Nf6 3. Nc3 Nc6 4. Bb5 Bb4 5. O-O Bxc3 6. dxc3 Na5 7. Nxe5 c6 8.
Ba4 Nxe4 9. Qf3 Ng5 10. Qd1 f6 11. Nf3 Nxf3+ 12. gxf3 f5 13. Qe1+ Qe7 14. Qd1
O-O 15. Re1 Qf6 16. b4 Nc4 17. Qd4 Qxd4 18. cxd4 f4 19. Bxf4 Rxf4 20. Bb3 d5
21. Re8+ Kf7 22. Ree1 Nd2 23. Ba4 Bh3 24. Red1 Nxf3+ 25. Kh1 b5 26. Bb3 Rg4 27.
c4 Bg2# 0-1

[Event "Junior Online 4NCL Division 5"]
[Site "online"]
[Date "2020.04.30"]
[Round "3.47"]
[White "Prashanth, Shashank"]
[Black "Choung, James Alexander"]
[Result "1-0"]
[WhiteElo "880"]
[BlackElo "630"]
[PlyCount "109"]
[EventDate "2020.04.30"]
[WhiteTeam "Leicestershire Juniors 6"]
[BlackTeam "TSK Tigers C"]

1. e4 e5 2. Nf3 Nc6 3. d3 Nf6 4. g3 d5 5. Nc3 dxe4 6. dxe4 Qxd1+ 7. Nxd1 Bc5 8.
Nc3 O-O 9. Bg5 Bg4 10. Bg2 Bxf3 11. Bxf3 Rad8 12. Bxf6 Nd4 13. Kd1 Rd6 14. Bxe5
Rdd8 15. Bxd4 Bxd4 16. Kc1 Bxf2 17. Rf1 Bc5 18. Rd1 Be3+ 19. Kb1 Bd4 20. Rxd4
Rxd4 21. a3 Rfd8 22. Ka2 Rd2 23. Rc1 Rxh2 24. Nb5 a6 25. Nxc7 Rd7 26. Nd5 Rh3
27. Bg4 Rd6 28. Bxh3 Rh6 29. Nf4 g5 30. Bd7 gxf4 31. gxf4 Rh4 32. Rg1+ Kf8 33.
Rf1 Ke7 34. Bf5 Kf6 35. c4 Rh3 36. b4 Rh2+ 37. Kb3 Rh3+ 38. Ka4 b5+ 39. cxb5
axb5+ 40. Kxb5 Rxa3 41. Kc4 h5 42. Rh1 Ra6 43. Rxh5 Rc6+ 44. Kd5 Rc3 45. e5+
Ke7 46. Rh7 Rf3 47. e6 Kf6 48. exf7 Rd3+ 49. Ke4 Rd8 50. b5 Rf8 51. b6 Ke7 52.
Ke5 Kd8 53. Kd6 Re8 54. b7 Re7 55. b8=Q# 1-0

[Event "Junior Online 4NCL Division 5"]
[Site "online"]
[Date "2020.04.30"]
[Round "3.48"]
[White "Squirrell, Baxter"]
[Black "Harper, Lauren"]
[Result "1-0"]
[WhiteElo "589"]
[BlackElo "767"]
[PlyCount "55"]
[EventDate "2020.04.30"]
[WhiteTeam "TSK Tigers C"]
[BlackTeam "Leicestershire Juniors 6"]

1. e4 e5 2. Nf3 Nc6 3. Bc4 d6 4. Ng5 Nf6 5. Nc3 Be7 6. Nxf7 Rf8 7. Nxd8 Kxd8 8.
O-O Bg4 9. Qe1 Na5 10. b3 Nxc4 11. bxc4 c6 12. d3 d5 13. exd5 cxd5 14. cxd5 Bb4
15. Nb5 Nxd5 16. Qxe5 Bd7 17. Nd6 Bxd6 18. Qxd5 Bf4 19. Ba3 Re8 20. Qxb7 Rc8
21. Qxa7 Ba4 22. Qxa4 Be5 23. Rae1 Rg8 24. Rxe5 h5 25. Qd4+ Kc7 26. Rc5+ Kb8
27. Qb4+ Ka8 28. Ra5# 1-0

[Event "Junior Online 4NCL Division 5"]
[Site "online"]
[Date "2020.04.30"]
[Round "3.50"]
[White "Sreenivas, Rohit"]
[Black "Evans, Macsen"]
[Result "0-1"]
[WhiteElo "850"]
[BlackElo "691"]
[PlyCount "32"]
[EventDate "2020.04.30"]
[WhiteTeam "Leicestershire Juniors 6"]
[BlackTeam "TSK Tigers C"]

1. e4 e5 2. Qh5 Nf6 3. Qxe5+ Be7 4. Qg3 Nxe4 5. Qxg7 Rf8 6. Qxh7 Nf6 7. Qd3 Nc6
8. Qe2 Nd4 9. Qd1 c6 10. Nf3 Nxf3+ 11. gxf3 Qa5 12. c3 Qe5+ 13. Qe2 Qd5 14. Bg2
Rg8 15. O-O Qg5 16. Re1 Qxg2# 0-1

[Event "Junior Online 4NCL Division 5"]
[Site "online"]
[Date "2020.04.30"]
[Round "3.51"]
[White "Choung, James Alexander"]
[Black "Prashanth, Shashank"]
[Result "1-0"]
[WhiteElo "630"]
[BlackElo "880"]
[PlyCount "87"]
[EventDate "2020.04.30"]
[WhiteTeam "TSK Tigers C"]
[BlackTeam "Leicestershire Juniors 6"]

1. e4 e5 2. Nf3 Nc6 3. Nc3 d6 4. d4 Nf6 5. dxe5 dxe5 6. Nxe5 Nxe5 7. Qxd8+ Kxd8
8. Bb5 c6 9. Ba4 b5 10. Bb3 Be6 11. Bxe6 fxe6 12. O-O b4 13. Rd1+ Ned7 14. Na4
e5 15. Bg5 Be7 16. Nc5 Bxc5 17. Bxf6+ gxf6 18. Rd2 Ke8 19. Rad1 Rd8 20. c3 a5
21. cxb4 Bxb4 22. Rd3 Bc5 23. Rc1 Rg8 24. b3 Rf8 25. a4 f5 26. exf5 Rxf5 27.
Rf3 Rf8 28. b4 axb4 29. a5 Rxf3 30. gxf3 Nb8 31. Rxc5 Rd1+ 32. Kg2 Na6 33. Rxc6
Nb8 34. Rc8+ Rd8 35. Rc7 b3 36. Rb7 Nc6 37. a6 Nd4 38. a7 Ra8 39. Rb8+ Rxb8 40.
axb8=Q+ Kf7 41. Qxe5 b2 42. Qe1 Nb5 43. Qb1 Nd4 44. Qxb2 1-0

[Event "Junior Online 4NCL Division 5"]
[Site "online"]
[Date "2020.04.30"]
[Round "3.52"]
[White "Harper, Lauren"]
[Black "Squirrell, Baxter"]
[Result "0-1"]
[WhiteElo "767"]
[BlackElo "589"]
[PlyCount "72"]
[EventDate "2020.04.30"]
[WhiteTeam "Leicestershire Juniors 6"]
[BlackTeam "TSK Tigers C"]

1. e4 e5 2. Nc3 Nf6 3. Nf3 Nc6 4. Bb5 a6 5. Bxc6 bxc6 6. Nxe5 Bc5 7. d3 Ng4 8.
Qxg4 O-O 9. O-O d6 10. Nxc6 Qe8 11. Qf4 Qxc6 12. b3 Be6 13. h3 Rab8 14. Na4 Bb4
15. Be3 d5 16. Ba7 Rbc8 17. f3 Ra8 18. Bc5 Bxc5+ 19. Nxc5 Qxc5+ 20. Kh2 Qxc2
21. Qc1 Qxd3 22. Qxc7 Rac8 23. Qa7 Rc2 24. Rac1 Rxa2 25. Rc7 Qxf1 26. Kg3 dxe4
27. Rc6 Bxb3 28. Rc3 Ba4 29. Qxa6 exf3 30. Qb6 fxg2 31. Qa6 Qxa6 32. Rc1 Qe2
33. h4 Qd2 34. Rc4 g1=Q+ 35. Kf3 Qde1 36. Kf4 Rf2# 0-1

[Event "Junior Online 4NCL Division 5"]
[Site "online"]
[Date "2020.04.30"]
[Round "3.55"]
[White "Menakaya, Léon"]
[Black "Gabriel, Thomas"]
[Result "1-0"]
[WhiteElo "865"]
[BlackElo "407"]
[PlyCount "99"]
[EventDate "2020.04.30"]
[WhiteTeam "Watford 5"]
[BlackTeam "PSE Jaguars"]

1. e4 e5 2. Nf3 Bc5 3. Bc4 f5 4. exf5 g6 5. fxg6 hxg6 6. Nxe5 Rh4 7. Qe2 Ne7 8.
Bf7+ Kf8 9. Bxg6 Nxg6 10. Nxg6+ Kf7 11. Nxh4 Qxh4 12. O-O Qd8 13. Qf3+ Ke8 14.
Qh5+ Kf8 15. Qxc5+ Qe7 16. Qe3 Qxe3 17. dxe3 d6 18. Re1 Bg4 19. h3 Bh5 20. Nc3
Nd7 21. Ne4 Re8 22. Ng3 Bf7 23. e4 d5 24. Bh6+ Kg8 25. Be3 dxe4 26. Bxa7 e3 27.
Rxe3 Ne5 28. Bd4 b5 29. Re4 Ra8 30. Rxe5 Ra4 31. Nf5 Bxa2 32. Rxb5 c6 33. Rb8+
Kf7 34. Nd6+ Ke6 35. Nb7 Rxd4 36. Rxa2 Rc4 37. b3 Rd4 38. Nd8+ Kd5 39. Ra5+ Ke4
40. Nxc6 Rd1+ 41. Kh2 Rd6 42. Re8+ Kf4 43. Ra4+ Kf5 44. Ne7+ Ke5 45. Nc8+ Kd5
46. Nxd6 Kxd6 47. Rd4+ Kc6 48. Rc8+ Kb6 49. Rb4+ Ka6 50. Ra8# 1-0

[Event "Junior Online 4NCL Division 5"]
[Site "online"]
[Date "2020.04.30"]
[Round "3.56"]
[White "Jacques, Benji"]
[Black "Mehta, Devina"]
[Result "0-1"]
[WhiteElo "346"]
[BlackElo "887"]
[PlyCount "48"]
[EventDate "2020.04.30"]
[WhiteTeam "PSE Jaguars"]
[BlackTeam "Watford 5"]

1. e4 e5 2. Nf3 Nc6 3. Nc3 Nf6 4. d4 d6 5. dxe5 dxe5 6. Nxe5 Qxd1+ 7. Kxd1 Nxe5
8. Bb5+ c6 9. Bf1 Be7 10. Bf4 Bd6 11. h4 O-O 12. Bxe5 Bxe5 13. Rh3 Bxh3 14.
gxh3 Rfd8+ 15. Kc1 Bf4+ 16. Kb1 Rd7 17. a4 a6 18. Ra3 Re8 19. Rb3 Nxe4 20. Rxb7
Rxb7 21. Bxa6 Rd7 22. Nxe4 Rxe4 23. Ka1 Rxa4+ 24. Kb1 Rd1# 0-1

[Event "Junior Online 4NCL Division 5"]
[Site "online"]
[Date "2020.04.30"]
[Round "3.57"]
[White "Manoj Kumar, Arth"]
[Black "Mansouri, Lily"]
[Result "1-0"]
[WhiteElo "700"]
[BlackElo "346"]
[PlyCount "43"]
[EventDate "2020.04.30"]
[WhiteTeam "Watford 5"]
[BlackTeam "PSE Jaguars"]

1. e4 Nf6 2. Nc3 Nc6 3. d4 d5 4. f3 e5 5. Nb5 a6 6. Nc3 Nxd4 7. Bg5 h6 8. Bh4
Bb4 9. a3 Bc5 10. b4 Bb6 11. Nxd5 O-O 12. Nxb6 cxb6 13. c3 Nb3 14. Qxb3 Qe8 15.
Ne2 Be6 16. Qc2 Qc6 17. f4 exf4 18. e5 Nd5 19. Qe4 Rad8 20. Nd4 Nxc3 21. Bd3
Qd7 22. Qh7# 1-0

[Event "Junior Online 4NCL Division 5"]
[Site "online"]
[Date "2020.04.30"]
[Round "3.58"]
[White "Coles, Osian"]
[Black "Kalavadia, Kunal"]
[Result "0-1"]
[WhiteElo "325"]
[BlackElo "700"]
[PlyCount "84"]
[EventDate "2020.04.30"]
[WhiteTeam "PSE Jaguars"]
[BlackTeam "Watford 5"]

1. d4 h6 2. Bg5 hxg5 3. Nf3 Nh6 4. Nxg5 f6 5. Nc3 fxg5 6. e3 g6 7. Bd3 Rg8 8.
Bxg6+ Rxg6 9. Rg1 Rf6 10. Rc1 e6 11. Nd5 exd5 12. e4 dxe4 13. Qd2 Re6 14. Qd1
b6 15. b3 Ba6 16. d5 Rd6 17. f3 exf3 18. gxf3 c6 19. Rf1 cxd5 20. h3 d4 21. h4
gxh4 22. Rh1 Be7 23. Rxh4 Bxh4+ 24. Kd2 Rf6 25. Qh1 Rf4 26. Qxh4 Rxh4 27. Rh1
Rxh1 28. f4 Qh4 29. f5 Nxf5 30. b4 Re1 31. c3 dxc3+ 32. Kxc3 Ra1 33. Kb3 Rb1+
34. Ka3 Bc4 35. Ka4 Bxa2 36. Ka3 Ra1 37. Ka4 Qc4 38. Ka3 Qc1+ 39. Ka4 Nc6 40.
Kb5 a6+ 41. Kxb6 Rb8+ 42. Kc7 Qf4# 0-1

[Event "Junior Online 4NCL Division 5"]
[Site "online"]
[Date "2020.04.30"]
[Round "3.59"]
[White "Gabriel, Thomas"]
[Black "Menakaya, Léon"]
[Result "0-1"]
[WhiteElo "407"]
[BlackElo "865"]
[PlyCount "64"]
[EventDate "2020.04.30"]
[WhiteTeam "PSE Jaguars"]
[BlackTeam "Watford 5"]

1. d4 d5 2. Bg5 Nf6 3. e3 Bg4 4. f3 Bd7 5. Bd3 e6 6. Qe2 Bb4+ 7. Nd2 Bxd2+ 8.
Kxd2 O-O 9. Kc1 h6 10. Kd1 hxg5 11. Kc1 Nc6 12. Bb5 a6 13. Bd3 Nb4 14. h4 Nxd3+
15. Qxd3 gxh4 16. Rxh4 Bb5 17. Qd1 Nd7 18. b3 Qxh4 19. g4 Qe7 20. a4 Bc6 21.
Ra3 Qxa3+ 22. Kb1 b5 23. Ne2 bxa4 24. Nc1 axb3 25. cxb3 Qe7 26. b4 Qxb4+ 27.
Nb3 Ba4 28. Qd3 Bxb3 29. Kb2 Bc4+ 30. Ka1 Bxd3 31. g5 Rab8 32. g6 Qb2# 0-1

[Event "Junior Online 4NCL Division 5"]
[Site "online"]
[Date "2020.04.30"]
[Round "3.60"]
[White "Mehta, Devina"]
[Black "Jacques, Benji"]
[Result "1-0"]
[WhiteElo "887"]
[BlackElo "346"]
[PlyCount "55"]
[EventDate "2020.04.30"]
[WhiteTeam "Watford 5"]
[BlackTeam "PSE Jaguars"]

1. e4 e5 2. Nf3 Nc6 3. Nc3 Nf6 4. d4 exd4 5. Nxd4 Nxd4 6. Qxd4 h5 7. Bg5 Ng4 8.
Bxd8 Kxd8 9. e5 d6 10. Bb5 Ke7 11. exd6+ cxd6 12. O-O Rh6 13. h3 Bf5 14. hxg4
hxg4 15. g3 Bxc2 16. f3 gxf3 17. Rxf3 Kd8 18. Rc1 Kc7 19. Rxc2 Be7 20. Rxf7
Rah8 21. Rxe7+ Kb8 22. Qxg7 Rc8 23. Rxb7+ Ka8 24. Qd7 Rc5 25. Qg7 Re5 26. Rd7
Re1+ 27. Kf2 Reh1 28. Qg8# 1-0

[Event "Junior Online 4NCL Division 5"]
[Site "online"]
[Date "2020.04.30"]
[Round "3.62"]
[White "Kalavadia, Kunal"]
[Black "Coles, Osian"]
[Result "1-0"]
[WhiteElo "700"]
[BlackElo "325"]
[PlyCount "59"]
[EventDate "2020.04.30"]
[WhiteTeam "Watford 5"]
[BlackTeam "PSE Jaguars"]

1. a4 e5 2. Na3 Bxa3 3. bxa3 Nc6 4. Bb2 Nf6 5. g3 d6 6. Bh3 Bd7 7. Bxd7+ Kxd7
8. Nh3 Kc8 9. O-O Qe8 10. f4 exf4 11. gxf4 Na5 12. Bc3 Qxa4 13. Bxa5 Qxa5 14.
Nf2 Qb5 15. a4 Qe8 16. c3 d5 17. d3 Ng4 18. c4 Nxf2 19. cxd5 Nxd1 20. Rf2 Nxf2
21. Kxf2 Qd8 22. Rd1 Qxd5 23. e4 Qd8 24. e5 Qe8 25. d4 Qd8 26. d5 Qxd5 27. Rxd5
Re8 28. f5 Rxe5 29. Rxe5 Kb8 30. Re8# 1-0

[Event "Junior Online 4NCL Division 5"]
[Site "online"]
[Date "2020.04.30"]
[Round "3.65"]
[White "Lee, Isaac"]
[Black "Sheehy, Lewis"]
[Result "0-1"]
[WhiteElo "1240"]
[BlackElo "1037"]
[PlyCount "116"]
[EventDate "2020.04.30"]
[WhiteTeam "Cambridge Chess & Go C"]
[BlackTeam "Manchester Juniors C"]

1. e4 e5 2. Nf3 Nc6 3. Bc4 Bc5 4. c3 Nf6 5. d3 d6 6. h3 O-O 7. Qe2 Be6 8. Bxe6
fxe6 9. Be3 Bxe3 10. Qxe3 d5 11. exd5 exd5 12. d4 e4 13. O-O Qd6 14. Nfd2 Na5
15. f3 Nh5 16. fxe4 dxe4 17. Rxf8+ Rxf8 18. Nxe4 Qb6 19. Nc5 Qxb2 20. Qe6+ Kh8
21. Qe7 Rg8 22. Nb3 Nf4 23. Qxc7 Nxb3 24. Qxf4 Qxa1 25. Qf1 Na5 26. Kh2 Nc6 27.
Qf3 Qxb1 28. Qf7 Qxa2 29. Qxb7 Qc4 30. Qc7 Qxc3 31. d5 Rf8 32. dxc6 Qf6 33.
Qxa7 Rf7 34. c7 Qf4+ 35. Kh1 Qf1+ 36. Kh2 Qf4+ 37. Kh1 Qf1+ 38. Kh2 Rf8 39. Qb8
Qf4+ 40. Kg1 Rxb8 41. cxb8=Q+ Qxb8 42. Kh1 g5 43. Kg1 h5 44. Kh1 Kg7 45. Kg1
Kf6 46. Kf2 Kf5 47. Kf3 g4+ 48. Ke3 gxh3 49. gxh3 Qf4+ 50. Ke2 Qh2+ 51. Ke3
Qxh3+ 52. Ke2 Qg3 53. Kd2 h4 54. Kc2 h3 55. Kb2 h2 56. Kc2 h1=Q 57. Kb2 Qhh2+
58. Ka1 Qgg1# 0-1

[Event "Junior Online 4NCL Division 5"]
[Site "online"]
[Date "2020.04.30"]
[Round "3.66"]
[White "Meredith, George"]
[Black "Dushi, Errol"]
[Result "1-0"]
[WhiteElo "1082"]
[BlackElo "925"]
[PlyCount "151"]
[EventDate "2020.04.30"]
[WhiteTeam "Manchester Juniors C"]
[BlackTeam "Cambridge Chess & Go C"]

1. e4 d6 2. Nf3 Bg4 3. Be2 Na6 4. Nc3 Qd7 5. O-O O-O-O 6. d3 b6 7. Be3 g6 8.
Bd4 Nf6 9. Qd2 h5 10. Bxf6 exf6 11. Qf4 Bh6 12. Qxf6 Nb4 13. Bd1 Nxd3 14. cxd3
Bxf3 15. Qxf3 b5 16. a3 a5 17. a4 bxa4 18. Bxa4 Qe7 19. Bb3 Kd7 20. Bxf7 Rdf8
21. Qh3+ Kd8 22. Bxg6 Rfg8 23. Bxh5 Qg5 24. g3 Qd2 25. Qh4+ Bg5 26. Qh3 Qxb2
27. Rab1 Qxc3 28. Rb8+ Ke7 29. Rxg8 Rxg8 30. Qf5 Rf8 31. Qxg5+ Kd7 32. Bg4+ Kc6
33. Qe7 Rg8 34. Qd7+ Kb7 35. Qe6 Ra8 36. Qd5+ Ka7 37. Qe6 a4 38. Qa2 Qb4 39.
Bd7 a3 40. d4 Rd8 41. Bc6 Kb6 42. d5 Kc5 43. Qc2+ Kb6 44. e5 Ra8 45. exd6 Rd8
46. dxc7 Rc8 47. Bd7 Rxc7 48. Qd2 Rxd7 49. d6 Qa4 50. Qd5 a2 51. Qe6 a1=Q 52.
Rxa1 Qxa1+ 53. Kg2 Qg7 54. Qd5 Qf7 55. Qe5 Rxd6 56. Qxd6+ Kb7 57. Qb4+ Kc7 58.
Qc3+ Kd8 59. h4 Ke7 60. Qc7+ Ke6 61. Qxf7+ Kxf7 62. f4 Kg7 63. h5 Kh6 64. g4
Kg7 65. f5 Kf7 66. h6 Kg8 67. g5 Kh7 68. f6 Kg8 69. g6 Kf8 70. h7 Ke8 71. g7
Kf7 72. h8=Q Kxf6 73. g8=Q+ Ke7 74. Qg6 Kd7 75. Qhh7+ Kc8 76. Qgg8# 1-0

[Event "Junior Online 4NCL Division 5"]
[Site "online"]
[Date "2020.04.30"]
[Round "3.67"]
[White "Soni, Raghhav"]
[Black "Winser, Frederick"]
[Result "0-1"]
[WhiteElo "925"]
[BlackElo "947"]
[PlyCount "48"]
[EventDate "2020.04.30"]
[WhiteTeam "Cambridge Chess & Go C"]
[BlackTeam "Manchester Juniors C"]

1. e4 e5 2. Nc3 Nf6 3. Nf3 Nc6 4. Bd3 Bd6 5. O-O O-O 6. Nd4 exd4 7. Ne2 b6 8.
Ng3 Bxg3 9. Qe2 Be5 10. Ba6 Nb4 11. Bxc8 Qxc8 12. c3 dxc3 13. a3 cxb2 14. axb4
bxa1=Q 15. Bb2 Qxb2 16. Rd1 Qxb4 17. Qe1 Nxe4 18. Rb1 Qxd2 19. Qxd2 Nxd2 20.
Rd1 Bc3 21. Rc1 Bf6 22. Rd1 Nb3 23. Rb1 Re8 24. Rxb3 Re1# 0-1

[Event "Junior Online 4NCL Division 5"]
[Site "online"]
[Date "2020.04.30"]
[Round "3.68"]
[White "Parker, James"]
[Black "Athukorala, Mayumee"]
[Result "1/2-1/2"]
[WhiteElo "887"]
[BlackElo "850"]
[PlyCount "89"]
[EventDate "2020.04.30"]
[WhiteTeam "Manchester Juniors C"]
[BlackTeam "Cambridge Chess & Go C"]

1. e4 e5 2. Nc3 Nc6 3. Nf3 Nf6 4. Bb5 Be7 5. a3 a6 6. Ba4 h6 7. O-O O-O 8. d3
h5 9. h3 d6 10. Bg5 Ra7 11. Be3 Ra8 12. b4 g6 13. Bh6 Re8 14. b5 Kh8 15. bxc6
bxc6 16. Rb1 Kg8 17. Bxc6 Rb8 18. Rxb8 Kh7 19. Bg5 Rh8 20. Bxf6 Bxf6 21. Nd5
Be7 22. Nxe7 Qxe7 23. Qd2 Kg7 24. Ng5 Kg8 25. Bd5 Rh7 26. Nxh7 Kxh7 27. Rxc8 a5
28. Qxa5 h4 29. Qxc7 Qxc7 30. Rxc7 Kg7 31. a4 Kf8 32. a5 Ke8 33. Rc8+ Kd7 34.
Bb7 g5 35. a6 Ke6 36. a7 Kf6 37. a8=Q Kg6 38. Rf8 Kf6 39. Qc8 Kg6 40. Qe8 Kh6
41. Qxf7 g4 42. Rg8 gxh3 43. gxh3 d5 44. exd5 e4 45. dxe4 1/2-1/2

[Event "Junior Online 4NCL Division 5"]
[Site "online"]
[Date "2020.04.30"]
[Round "3.71"]
[White "Winser, Frederick"]
[Black "Soni, Raghhav"]
[Result "1-0"]
[WhiteElo "947"]
[BlackElo "925"]
[PlyCount "45"]
[EventDate "2020.04.30"]
[WhiteTeam "Manchester Juniors C"]
[BlackTeam "Cambridge Chess & Go C"]

1. e4 Nf6 2. Nc3 d5 3. exd5 Nxd5 4. Nxd5 Qxd5 5. Bd3 Qd8 6. Nf3 e6 7. O-O Bc5
8. Re1 Bd4 9. Nxd4 e5 10. Nf5 e4 11. Bxe4 Qe7 12. Bf3 Qe6 13. Rxe6+ fxe6 14.
Nxg7+ Kf8 15. Nh5 Rg8 16. Nf6 Rg7 17. Nh5 Rg6 18. Qe2 Rg5 19. d3 Rxh5 20. Bxh5
Kg7 21. Qf3 Kg8 22. Bh6 e5 23. Qf8# 1-0

[Event "Junior Online 4NCL Division 5"]
[Site "online"]
[Date "2020.04.30"]
[Round "3.72"]
[White "Athukorala, Mayumee"]
[Black "Parker, James"]
[Result "0-1"]
[WhiteElo "850"]
[BlackElo "887"]
[PlyCount "72"]
[EventDate "2020.04.30"]
[WhiteTeam "Cambridge Chess & Go C"]
[BlackTeam "Manchester Juniors C"]

1. d4 d6 2. Nf3 e5 3. b3 Nc6 4. c3 Nf6 5. h3 h6 6. c4 Be7 7. Nh4 Ne4 8. f3 Ng3
9. f4 Bxh4 10. Rg1 Nxd4 11. fxe5 dxe5 12. Qd3 Ngf5+ 13. g3 Bxg3+ 14. Rxg3 Nxg3
15. Qxg3 O-O 16. Be3 Nc2+ 17. Kf2 Nxa1 18. Qxe5 Nc2 19. Bc5 Re8 20. Qc3 Ne3 21.
Bxe3 Bf5 22. Nd2 a5 23. Bg2 a4 24. Bd5 axb3 25. Qxb3 Bxh3 26. Kg3 Be6 27. Qc3
Bxd5 28. Qc1 Qd6+ 29. Kf2 Rxa2 30. Qb1 Ra3 31. Qd1 Bxc4 32. Qf1 Ba6 33. Qe1
Qf6+ 34. Kg1 Rexe3 35. Qc1 Rg3+ 36. Kh1 Qh4# 0-1

[Event "Junior Online 4NCL Division 5"]
[Site "online"]
[Date "2020.04.30"]
[Round "3.75"]
[White "Das, Anish"]
[Black "Hanache, Kai"]
[Result "0-1"]
[WhiteElo "887"]
[BlackElo "1217"]
[PlyCount "46"]
[EventDate "2020.04.30"]
[WhiteTeam "Blue Foxes 1"]
[BlackTeam "Hammersmith 3"]

1. e4 e5 2. d4 exd4 3. Qxd4 Nc6 4. Qc4 Nf6 5. Bg5 d5 6. Qxd5 Nxd5 7. Bxd8 Nd4
8. exd5 Nxc2+ 9. Kd2 Nxa1 10. Nc3 Kxd8 11. Nf3 Bd6 12. Bc4 Re8 13. Rxa1 Bf4+
14. Kd3 Bf5+ 15. Kd4 Rc8 16. g3 c5+ 17. dxc6 Bd2 18. Nxd2 bxc6 19. Bxf7 c5+ 20.
Kc4 Re7 21. Bd5 Rec7 22. f3 Rb8 23. g4 Rb4# 0-1

[Event "Junior Online 4NCL Division 5"]
[Site "online"]
[Date "2020.04.30"]
[Round "3.76"]
[White "Yang, Rachel"]
[Black "Kula, Michal"]
[Result "1-0"]
[WhiteElo "1180"]
[BlackElo "850"]
[PlyCount "43"]
[EventDate "2020.04.30"]
[WhiteTeam "Hammersmith 3"]
[BlackTeam "Blue Foxes 1"]

1. e4 e5 2. Nf3 Nc6 3. Bb5 a6 4. Ba4 b5 5. Bb3 Nf6 6. Ng5 Ke7 7. Nxf7 Ke8 8.
Nxd8 Kxd8 9. d3 Ng4 10. Qxg4 d6 11. Qh4+ Be7 12. Qg3 Nd4 13. Qxg7 Rf8 14. Qxh7
a5 15. O-O a4 16. Bd5 Rb8 17. a3 Nxc2 18. Ra2 c6 19. Bxc6 Be6 20. Bh6 Bxa2 21.
Bxf8 Bxf8 22. Qd7# 1-0

[Event "Junior Online 4NCL Division 5"]
[Site "online"]
[Date "2020.04.30"]
[Round "3.77"]
[White "Das, Aman"]
[Black "Singh, Simran"]
[Result "0-1"]
[WhiteElo "850"]
[BlackElo "1120"]
[PlyCount "78"]
[EventDate "2020.04.30"]
[WhiteTeam "Blue Foxes 1"]
[BlackTeam "Hammersmith 3"]

1. e4 c5 2. Nh3 Nc6 3. Qf3 Nf6 4. Bc4 e5 5. d3 h6 6. g4 Be7 7. g5 hxg5 8. Nxg5
O-O 9. Qh3 d6 10. Bxf7+ Rxf7 11. Nxf7 Kxf7 12. Rg1 Bxh3 13. Rg3 Bg4 14. h3 Bh5
15. f3 Qa5+ 16. Bd2 Qb6 17. Nc3 Qxb2 18. Rc1 Nd4 19. Kd1 Nxf3 20. Rb1 Nxd2+ 21.
Kxd2 Qa3 22. h4 b6 23. Rf3 Bxf3 24. h5 Nxh5 25. Nb5 Qxa2 26. Nc3 Qa5 27. Rb5
Bg5+ 28. Ke1 Qxc3+ 29. Kf2 Bd1 30. Kg2 Qxc2+ 31. Kh3 Qxd3+ 32. Kg2 Qxb5 33. Kh3
Qd3+ 34. Kg2 Qg3+ 35. Kf1 Qf3+ 36. Kg1 Qe3+ 37. Kg2 Nf4+ 38. Kh1 Bf3+ 39. Kh2
Qf2# 0-1

[Event "Junior Online 4NCL Division 5"]
[Site "online"]
[Date "2020.04.30"]
[Round "3.78"]
[White "Ewart, Samuel"]
[Black "Polyzos, Apostolos"]
[Result "1-0"]
[WhiteElo "925"]
[BlackElo "850"]
[PlyCount "89"]
[EventDate "2020.04.30"]
[WhiteTeam "Hammersmith 3"]
[BlackTeam "Blue Foxes 1"]

1. e4 e5 2. d4 Nc6 3. Nf3 Nf6 4. Nc3 Be7 5. Be3 O-O 6. Bc4 Bb4 7. a3 Bd6 8. Qd2
Be7 9. O-O-O Ng4 10. Bg5 Na5 11. b3 Nxc4 12. bxc4 f6 13. Be3 Bxa3+ 14. Kb1 Qe7
15. Nd5 Qe8 16. Nxc7 Qe7 17. Nxa8 Bb4 18. c3 Ba3 19. Nc7 Nxe3 20. fxe3 Qd6 21.
Nb5 Qb6 22. Qa2 Bd6 23. c5+ Kh8 24. cxb6 axb6 25. Nxd6 Rd8 26. Nxc8 Rxc8 27.
Kc2 Rf8 28. Ra1 h6 29. Kd2 Kh7 30. Qc2 Rg8 31. dxe5 Rd8 32. exf6 gxf6 33. e5+
Kg7 34. exf6+ Kxf6 35. e4 Ke7 36. e5 Ke6 37. Qg6+ Ke7 38. Qxb6 d5 39. Qxb7+ Ke8
40. Ra8 h5 41. Rb1 h4 42. Ra7 h3 43. Qb8 hxg2 44. h4 Rxb8 45. Rxb8# 1-0

[Event "Junior Online 4NCL Division 5"]
[Site "online"]
[Date "2020.04.30"]
[Round "3.79"]
[White "Hanache, Kai"]
[Black "Das, Anish"]
[Result "1-0"]
[WhiteElo "1217"]
[BlackElo "887"]
[PlyCount "71"]
[EventDate "2020.04.30"]
[WhiteTeam "Hammersmith 3"]
[BlackTeam "Blue Foxes 1"]

1. e4 e5 2. Nf3 Nc6 3. d4 exd4 4. Nxd4 Nxd4 5. Qxd4 Bb4+ 6. Qxb4 a5 7. Qd4 Nf6
8. e5 Nh5 9. g4 c5 10. Qe4 d5 11. Qf3 Nf6 12. exf6 Qxf6 13. Qxd5 Ra6 14. Bg5
Qd6 15. Bb5+ Bd7 16. Bxd7+ Kxd7 17. Qxd6+ Rxd6 18. O-O f6 19. Bf4 Rd4 20. Be3
Rxg4+ 21. Kh1 Re8 22. Bxc5 Re5 23. Rd1+ Kc6 24. Bd6 Re2 25. Bg3 Rxc2 26. Nc3
Rxb2 27. Rd6+ Kc5 28. Rc1 Rc4 29. Na4+ Kb5 30. Rb6+ Kxa4 31. Rxc4+ Ka3 32. Rxb2
Kxb2 33. Rc7 a4 34. Rxb7+ Kxa2 35. Ra7 Kb3 36. Bd6 1-0

[Event "Junior Online 4NCL Division 5"]
[Site "online"]
[Date "2020.04.30"]
[Round "3.85"]
[White "Deeke, James"]
[Black "Dissanayake, Sathsara"]
[Result "1-0"]
[WhiteElo "1360"]
[BlackElo "850"]
[PlyCount "21"]
[EventDate "2020.04.30"]
[WhiteTeam "Ojays G"]
[BlackTeam "Blue Foxes 2"]

1. e4 d5 2. exd5 Qxd5 3. Nc3 Qe6+ 4. Be2 Nc6 5. Nf3 Ne5 6. Nxe5 Qxe5 7. d4 Qe6
8. d5 Qe5 9. O-O e6 10. Re1 exd5 11. Bb5+ 1-0

[Event "Junior Online 4NCL Division 5"]
[Site "online"]
[Date "2020.04.30"]
[Round "3.86"]
[White "Mittal, Aarav"]
[Black "Liu, Franklin"]
[Result "0-1"]
[WhiteElo "812"]
[BlackElo "1300"]
[PlyCount "50"]
[EventDate "2020.04.30"]
[WhiteTeam "Blue Foxes 2"]
[BlackTeam "Ojays G"]

1. e4 e5 2. Bc4 Nf6 3. g4 Bc5 4. g5 Nxe4 5. Qh5 Nxg5 6. Nf3 Nxf3+ 7. Ke2 Nd4+
8. Kd1 Ne6 9. Bxe6 dxe6 10. d4 Bxd4 11. c3 Bxf2+ 12. Ke2 Bc5 13. Bg5 Be7 14.
Rf1 O-O 15. Qxf7+ Rxf7 16. Rxf7 Kxf7 17. Nd2 Bxg5 18. Kf2 Qxd2+ 19. Kg3 Qe3+
20. Kg2 Kg8 21. Rg1 Bf4 22. Rf1 Qe2+ 23. Kg1 Be3+ 24. Rf2 Qxf2+ 25. Kh1 Qf1#
0-1

[Event "Junior Online 4NCL Division 5"]
[Site "online"]
[Date "2020.04.30"]
[Round "3.87"]
[White "Webb, Tom"]
[Black "Jackson, Will"]
[Result "1-0"]
[WhiteElo "1285"]
[BlackElo "850"]
[PlyCount "43"]
[EventDate "2020.04.30"]
[WhiteTeam "Ojays G"]
[BlackTeam "Blue Foxes 2"]

1. e4 e5 2. Nf3 d6 3. Bc4 Bg4 4. h3 Bxf3 5. Qxf3 Nf6 6. Nc3 Nc6 7. Bb5 Qd7 8.
d3 Qe7 9. Nd5 O-O-O 10. Nxe7+ Bxe7 11. Bxc6 bxc6 12. Qe3 d5 13. Qxa7 dxe4 14.
dxe4 Nxe4 15. Qa6+ Kd7 16. Qd3+ Ke8 17. Qxe4 g6 18. Qxc6+ Kf8 19. Qxc7 Re8 20.
O-O e4 21. Qe5 g5 22. Qxh8# 1-0